000 00659nam a22001937a 4500
003 OSt
005 20250621031117.0
008 250619b |||||||| |||| 00| 0 eng d
020 _a978-621-427-228-0
040 _aDWCL - Main lib
_cOC
082 _aFil. 658.15 B212f 2024
100 _aBanaag, Francis B.
245 _aFundamentals of financial management/
_cFrancis B. Banaag
260 _aIntramuros, Manila:
_bUnlimited Books Library Services & Publishing Inc.,
_cc2024.
300 _aviii, 218 pages:
_billustrations;
_c22cm.
504 _aIncludes bibliographical references.
650 _a1. Corporation-finance.
942 _2ddc
_cBK - FIL
_kFil.
_n0
999 _c3153
_d3153